Contratos Adarve
| Formato: | Desconocido |
|---|---|
| Lenguaje: | español |
| Publicado: |
[Madrid] :
Adarve Corporacin̤ Jurd̕ica,
2002
|
| Materias: | |
| Acceso en línea: | Acceso restringido |
MARC
| LEADER | 00000ny a22000003n 4500 | ||
|---|---|---|---|
| 005 | 20110615142618.0 | ||
| 008 | 080926s2002 sp s 000 0 spa c | ||
| 035 | |a 79 | ||
| 040 | |a UMA.RE |d vLex | ||
| 080 | |a 347.44(460)(0.034) | ||
| 090 | |c 725 |d 725 | ||
| 245 | 0 | 0 | |a Contratos Adarve |h [Recurso electrn̤ico] |c Adarve Corporacin̤ Jurd̕ica |
| 256 | |a Servicio en ln̕ea | ||
| 260 | |a [Madrid] : |b Adarve Corporacin̤ Jurd̕ica, |c 2002 | ||
| 650 | 0 | 4 | |a Contratos |z Espaą |
| 740 | 0 | |a vLex Libros (Servicios en ln̕ea) | |
| 856 | 4 | 0 | |z Acceso restringido |u http://vlex.com/source/79 |
| 942 | |c BOOK | ||
| 999 | 0 | |a Contracts |b Madrid | |